Gobierno corporativo en las instituciones de educación superior en Colombia (Registro nro. 164713)

Detalles MARC
000 -ENCABEZADO
Número de control [NR] 01127caa a2200265 a 4500
005 - FECHA Y HORA DE LA ÚLTIMA TRANSACCIÓN
control field 20150820130006.0
008 - DE LONGITUD FIJA DE DATOS DE ELEMENTOS - INFORMACIÓN GENERAL
Elementos de longitud fija [NR] 130821s2012 ck gr f spa d
020 ## - NUMERO INTERNACIONAL NORMALIZADO PARA LIBROS [R]
Número Internacional Normalizado del libro [NR] 9789588722313
040 ## - FUENTE DE CATALOGACION [NR]
Agencia de catalogación original [NR] CO-BoUCM
Idioma de catalogación [NR] spa
Quien Cataloga David Avila (modificó)
Quien Clasifica [Nuevo]
041 0# - CODIGO DE IDIOMA [R]
Código de idioma para texto/pista de sonido o título separado [R] Español
100 1# - ASIENTO PRINCIPAL--NOMBRE PERSONAL [NR]
Nombre personal [NR] Restrepo Abondano, José Manuel
ID Autoridad 29921
245 10 - MENCION DE TITULO [NR]
Título [NR] Gobierno corporativo en las instituciones de educación superior en Colombia
Mención de responsabilidad, etc. [NR] José Manuel Restrepo Abondano, María Andrea Trujillo Dávila, Alexander Guzmán Vásquez
260 ## - PUBLICACION, DISTRIBUCION, ETC. (PIE DE IMPRENTA) [R]
Lugar de publicación, distribución, etc. [R] Bogotá (Colombia)
Nombre del editor, distribuidor, etc. [R] Imageprinting
Fecha de publicación, distribución, etc. [R] 2012
300 ## - DESCRIPCION FISICA [R]
Extensión [R] 270 páginas
504 ## - NOTA DE BIBLIOGRAFIA, ETC. [R]
Nota de bibliografía, etc. [NR] Incluye referencias bibliográficas
650 ## - ASIENTO SECUNDARIO DE MATERIA - TERMINO TEMATICO [R]
Término temático o nombre geográfico como elemento de entrada [NR] Educación superior
9 (RLIN) 13875
650 #7 - ASIENTO SECUNDARIO DE MATERIA - TERMINO TEMATICO [R]
9 (RLIN) 16474
Término temático o nombre geográfico como elemento de entrada [NR] Gobierno corporativo
Subdivisión geográfica [R] Colombia
650 #7 - ASIENTO SECUNDARIO DE MATERIA - TERMINO TEMATICO [R]
9 (RLIN) 8612
Término temático o nombre geográfico como elemento de entrada [NR] Administración universitaria
Subdivisión geográfica [R] Colombia
650 #7 - ASIENTO SECUNDARIO DE MATERIA - TERMINO TEMATICO [R]
Término temático o nombre geográfico como elemento de entrada [NR] Educación superior
Subdivisión geográfica [R] Colombia
9 (RLIN) 13880
700 1# - ASIENTO SECUNDARIO - NOMBRE PERSONAL [R]
Nombre personal [NR] Guzmán Vázquez, Alexander
9 (RLIN) 29923
700 1# - ASIENTO SECUNDARIO - NOMBRE PERSONAL [R]
Nombre personal [NR] Trujillo Dávila, María Andrea
9 (RLIN) 29922
710 2# - ASIENTO SECUNDARIO - NOMBRE CORPORATIVO [R]
Nombre corporativo o de jurisdicción como elemento de entrada [NR] Colegio de Estudios Superiores de Administración. CESA
9 (RLIN) 3385
942 ## - ELEMENTOS DE ENTRADA AGREGADOS (KOHA)
Tipo de ítem principal el descrito en 300a Libro
Tema principal Educación
Edición 1
Parte restante de la signatura top. R436g
Sistema de clasificación DEWEY
Clasificación 378.101
Existencias
Fecha de último préstamo Total préstamos Total Renewals Signatura topográfica Código de barras Última vez visto Ejemplar Price effective from Tipo de ítem Perdido Sistema de clasificación Dañado No prestable Tipo de ítem específico Suprimido Ubicación habitual Ubicación actual Localización Fecha de creación Forma de adquisición Costo Costo de reposición Proveedor
27/07/2016 3 1 378.101 R436g 100130179 05/12/2025 Ej.1 14/02/2013 Libro   DEWEY     Libro   Claustro Claustro 2do piso 14/02/2013 Donación 26000.00    
      378.101 R436g 100146808 05/12/2025 Ej.2 21/07/2015 Libro   DEWEY     Libro   Claustro Claustro 2do piso 21/07/2015 Donación 0.00 26000.00 12